000 00615nam1a22002051i 4500
001 rc\4075730
005 20240724123443.0
035 _a(NLR Aleph) 007902219
090 _a8045113
_c8045113
100 _a20130415d1954 |||y0rusy50 ca
101 0 _arus
102 _aRU
105 _ay z |||||
200 1 _aПередовики сельского хозяйства о своем опыте
_e[1]-
_f[Упр. с.-х. пропаганды]
210 _aГорький
_cКн. изд-во
_d1954
215 _d13
801 0 _aRU
_bNLR
_gpsbo
801 1 _aRU
_bELAR
_2rusmarc
852 _aNLR
_jС10 Г-2/110
942 _cBOOK